Class, self, culture

Αποθηκεύτηκε σε:
Λεπτομέρειες βιβλιογραφικής εγγραφής
Κύριος συγγραφέας: Skeggs, Beverley
Μορφή: Βιβλίο
Γλώσσα:English
Δημοσίευση: London : Routledge, 2004
Σειρά:Transformations
Θέματα:
Ετικέτες: Προσθήκη ετικέτας
Δεν υπάρχουν, Καταχωρήστε ετικέτα πρώτοι!

MARC

LEADER 00000nam a2200000 i 4500
001 1/101105
008 090211s2004 eng d
020 |a 0-415-30086-X (pbk.) 
035 |l 10103124 
040 |a GR-MY-UA  |b gre  |e aacr 
041 0 |a eng 
082 0 |a 305.5  |2 (22) 
100 1 |a Skeggs, Beverley. 
245 1 0 |a Class, self, culture /  |c Beverley Skeggs 
260 |a London :   |b Routledge,   |c 2004 
300 |a 226 σ.;  |c 24 εκ. 
490 1 |a Transformations 
504 |a Βιβλιογραφία: σ. [196]-215 
504 |a Ευρετήριο: σ. [216]-226 
650 0 0 |a Social classes. 
650 0 0 |a Value. 
830 0 |a Transformations 
852 |a INST  |b LESVOS  |e 20090211  |h 305.5 SKE  |p 005100043887  |q 005100043887  |t BK  |y 0 
901 |a BIBL1-2009-1 
909 |a Λ  |b 154209 
922 |a 1ΕΛΗ  |b 200809  |c ΕΠΕΑΕΚ2/ΤΚΑ  |d ΜΙΧΑΛΟΠΟΥΛΟΣ 
970 |a ΓΙΑΛΑΜΑ  |b ΜΑΡΙΑ  |z 2009/02/11